000 00509nam a2200181 i 4500
001 94463
003 ES-MaACL
005 20250627063641.0
007 t|
008 050504s1971 sp ||||1| spa d
100 1 _aLorén, Santiago,
_d1918-2010
_974093
245 1 0 _aV.I.P.
_b: ( Very important persons) /
_cSantiago Lorén.
250 _a[1ª ed.].
260 _aBarcelona :
_bDestino,
_c1971.
300 _a343 p. ;
_c19 cm.
852 _aES-MaACL
_jC-42841
_bR.81234
999 _c94463
_d94463